000 00853cam a2200265 a 4500
001 000019805
005 20240226143822.0
008 810226s1959 sp 001 e spa d
040 _aDO-SdBNP
_cCarP
_dDLC
_dBNPHU
082 _a864.64
_bC174u, 1959
100 1 _aCamba, Julio,
_d1882-1962
_93094
245 1 0 _aUn año en el otro mundo /
_cJulio Camba.
250 _a3a ed.
260 _aMadrid :
_bEspasa-Calpe,
_c1959.
300 _a168 p. ;
_c18 cm.
490 1 _aAustral. Negra: viajes y reportajes
_v714
500 _aIncluye índice de autores.
650 4 _aEnsayos españoles
_93095
650 4 _aLiteratura española
_ySIGLO XX
_93326
651 4 _aEstados Unidos
_xDescripciones Y Viajes
_911048
830 0 _aAustral .
_pNegra: viajes y reportajes;
_v714
_941665
910 _aCatalogación derivada / LC
910 _aWM
049 _aBNGR
999 _c19318
_d19318